000 02863nam0a2200433 4500
001 RU\NLR\BIBL_A\011932687
005 20250626152836.0
020 _aRU
_b[5778]
_9Сводный каталог листовок первых лет Советской власти (25 октября (7 ноября) 1917 - 1925). Листовки партийных, советских, военных, профсоюзных, комсомольских и других организаций Украинской ССР, Белорусской ССР, Закавказских и Среднеазиатских Pеспублик
035 _a(NLR Aleph) 011932687
090 _a11046460
_c11046460
100 _a20171207d1921 |||y0rusy50 ca
101 0 _arus
102 _aRU
105 _ay z 000zy
135 _acrcn 024apada
200 1 _aЦиркулярное письмо № 1 всем председателям и секретарям волостных и сельских исполкомов и комнезамов. [О своевременном представлении информационных сводок о положении дел на местах
_eлистовка]
_fКонотопский уезд. отдел управления
210 _aКонотоп
_cтип. Уотнархоза
_d[1921]
215 _a1 с.
_d21х16
300 _aПодписи: зав. Отд. управления Чабан; завинформ. подотделом Лоевский
300 _aОбращение: Уважаемые товарищи!
325 1 _aКопия доступна в Электронной библиотеке РНБ
517 1 _aО своевременном представлении информационных сводок о положении дел на местах
540 1 _aУважаемые товарищи!
607 _aУкраина
_jЛистовки
_xПолитика и управление
_z1917 - 1925
_92561805
_3RU\NLR\AUTH\6601727588
686 0 _aТ3(2)71-313,011
686 0 _aТ3(2Ук-4Чр)71-31,011
702 1 _aЧабан
_cучастник установления советской власти, Конотопский уезд
_4720
702 1 _aЛоевский
_cучастник установления советской власти, Конотопский уезд
_4720
710 0 2 _aКонотопский уездный отдел управления
_9653794
_3RU\NLR\AUTH\880496958
852 _aNLR
_bФЛ
_j59/17
942 _cBOOK
980 _aNB
981 2 1 _a(21) Листовки
_b(21) Листовки 1921 года